000 00524nam a2200169Ia 4500
003 GCL
008 140319s9999 xx 000 0 ara d
040 _aGCL /
_cGCL
082 0 4 _a813.03
_bا م
100 1 _aمحمود قاسم
245 1 0 _aمنزل الموت الاكيد (رواية مترجمة) (هدية من الاديب عبدالفتاح الجمل) /
_cمحمود قاسم
700 1 _aالبير قصييرى
490 _a
650 0 4 _aالادب العربى
650 0 4 _aالادب
942 _2ddc
_cBK
999 _c39734
_d39734